On This Day: June 17th Quiz Stats

 Plays Quiz Updated Jun 17, 2017

Support Sporcle.
Go Orange.
Score 0/7 Timer 03:00
0 Plays Today
Question Answer Wrong Answers
The wife of Mughal emperor Shah Jahan dies. He will spend the next 17 years building her mausoleum, the ______.
1631
Taj Mahal
96.4%
Red Fort
0.8%
Hawa Mahal
1.7%
Qutb Minar
1%
The Statue of Liberty, a gift from the people of this country, arrives in New York Harbor.
1885
France
95.4%
Germany
0.7%
Spain
0.8%
Canada
0.8%
Following a televised low-speed highway chase, this man is arrested for the murders of his ex-wife and her friend Ronald Goldman.
1994
O. J. Simpson
93.4%
Ray Lewis
1.1%
Ryan Leaf
0.9%
Plaxico Burress
0.7%
The College Board introduces its first standardized test, the forerunner to the ______.
1901
SAT
85.5%
ACT
8.6%
PYT
1.3%
ITBS
1.8%
Iceland declares independence from this Nordic country and becomes a republic.
1944
Denmark
62.9%
Finland
12.3%
Sweden
15.9%
Netherlands
5.3%
This American politician, who served as the 50th Speaker of the House during Bill Clinton’s presidency, is born.
1943
Newt Gingrich
62.1%
Tom Foley
8%
Nancy Pelosi
16.7%
Bob Dole
9.9%
Colonists inflict heavy casualties on British forces while losing the Battle of Bunker Hill, though the majority of combat took place on the adjacent ______ Hill.
1775
Breed's
52.3%
Boston
15.7%
Charles
9%
Lowell's
21.8%

You're not logged in!

Compare scores with friends on all Sporcle quizzes.
OR
Log In
Forgot?

From the Vault

50 Flicks to Click (1968)

by caramba

2001 looked very distant in 1968.
Remove Ads.
Support Sporcle.
Get the best of Sporcle when you Go Orange. This ad-free experience offers more features, more stats, and more fun while also helping to support Sporcle. Thank you for becoming a member.

Show Comments

Extras

Top Quizzes Today


Score Distribution

Your Account Isn't Verified!

In order to create a playlist on Sporcle, you need to verify the email address you used during registration. Go to your Sporcle Settings to finish the process.

Report this User

Report this user for behavior that violates our Community Guidelines.

Details: